00711nam a2200241 a 4500001001300000003000900013005001700022008004100039020001000080082001600090100001400106245006900120260004700189300000900236500003500245505002700280650002300307700001400330902000800344942000700352952009500359999001500454nice12345678IN_TiNIC20260116011513.0050524s1947 hyda grp 000 0 ara  ac10000a181.07bYAF aYafai, Al aAl-Aayat-Al-Baiyyanat-Ala-Wajud Khaliq Al-Kai`nat, (urdu Arabic) aHyderabadbGovernment Printing Pressc1947 a114p aincludes index and biblioraphy2 aPlus Some Other Tracts aPhilosophy-Islamic1 aYafai, Al bSRS cBK 00104070aHMIbHMId2007-07-31g100.00l0o181.07 YAFp4160r2007-07-31w2026-01-16yEB c2120d2120